Televisión y vida cotidiana
Збережено в:
| Автор: | |
|---|---|
| Формат: | Книга |
| Мова: | Іспанська |
| Опубліковано: |
Buenos Aires
Amorrortu
1994
|
| Предмети: | |
| Теги: |
Додати тег
Немає тегів, Будьте першим, хто поставить тег для цього запису!
|
MARC
| LEADER | 00000nam a2200000 a 4500 | ||
|---|---|---|---|
| 001 | UCS3554 | ||
| 003 | CL-VaPUC | ||
| 008 | 970704e19940000AG |||||||||||||||||spa|d | ||
| 082 | 0 | 4 | |a 303.483 |b SIL |2 21 |
| 100 | 0 | |a Silverstone, Roger |e author |9 389704 | |
| 245 | 1 | 0 | |a Televisión y vida cotidiana |
| 300 | |a 313 p | ||
| 942 | |c BK | ||
| 945 | |d 19970704 00:00:00 |a rleighto | ||
| 260 | |a Buenos Aires |b Amorrortu |c 1994 | ||
| 650 | 0 | |a Televisión |9 256845 | |
| 650 | 0 | |a Sociología de la comunicación |9 337679 | |
| 650 | 0 | |a Desarrollo cultural |9 267526 | |
| 650 | 0 | |a Medios de comunicación |9 257206 | |
| 650 | 0 | |a Tecnología |9 256742 | |
| 583 | |a last modification |c 19970704 00:00:00 |k Rodrigo Vera | ||
| 999 | |c 261213 |d 261211 | ||
| 952 | |0 0 |1 0 |4 0 |6 303_483000000000000_SIL_1994 |7 0 |8 A |9 288465 |a BIBCUR |b BIBCUR |d 2019-11-19 |i 3326659 |o 303.483 SIL 1994 |p 3326659 |r 2025-04-22 |w 2019-11-19 |y BK |k PER | ||